000
00300 a2200133 4500
001
12804
082
_a
519.4 ATK
090
_c
9782
_d
9782
100
_a
Atkinson,K
245
_a
Elementary Numerical Analysis, 2/e
250
_a
2
260
_a
NY
_b
John Wiley & Sons
_c
2003
300
_a
ix, 425 p.
942
_a
NUST-CAE
_k
519.4 ATK
999
_c
247877
_d
247877